| 000 | 00445cam a2200193ua 4500 | ||
|---|---|---|---|
| 001 | 8125 | ||
| 008 | 150109n ii |||gr||||Z||||||hin | ||
| 020 | _a8174570039 | ||
| 040 | _cMAIN | ||
| 041 | _ahin | ||
| 082 | _a294.5 | ||
| 100 |
_aShaksena, D., _eEditor. |
||
| 245 | 1 |
_aKamayani-bhasya _cEdited by D. Shaksena |
|
| 250 | _a1st. | ||
| 260 |
_aAgra: _bBinod, _c1992. |
||
| 300 | _a664p. | ||
| 653 | _aReligions ofIndic origin | ||
| 942 | _cBK | ||
| 999 |
_c7240 _d7240 |
||